Multi-Category Just for Fun Blitz Quiz Stats

 Plays Quiz Updated Mar 25, 2018

Challenge
Share
Tweet
Embed
Score 0/30 Timer 04:00
3 Plays Today
Hint Answer % Correct
Begins with P - Missing Words in PhrasesPenny
97.9%
Begins with P - Missing Words in PhrasesPain
97.6%
Names in PhrasesTom
94.5%
Names in PhrasesSteven
93.4%
Complete the Common MythCarrot
93.2%
Four Letter Just for Fun Word LadderIRON
93.1%
Colors by Another DefinitionGreen
91%
Complete the Common MythBrain
91%
Begins with P - Missing Words in PhrasesPot
90.4%
Colors by Another DefinitionGold
90.4%
Colors by Another DefinitionRed
89.5%
Begins with P - Missing Words in PhrasesPicture
89.4%
Four Letter Just for Fun Word LadderIRAN
87.1%
Angry-Sounding Anagrammed African AnimalsGiraffe
85.9%
Angry-Sounding Anagrammed African AnimalsBuffalo
85.6%
Hint Answer % Correct
Complete the Common MythNapoleon
85.1%
Colors by Another DefinitionTan
83.2%
Complete the Common MythArthritis
82.4%
Begins with P - Missing Words in PhrasesPerfect
82.3%
Names in PhrasesNancy
82.1%
Angry-Sounding Anagrammed African AnimalsRhinoceros
79.4%
Angry-Sounding Anagrammed African AnimalsWarthog
79.3%
Angry-Sounding Anagrammed African AnimalsHippopotamus
78.6%
Complete the Common MythThe Great Wall
78.3%
Four Letter Just for Fun Word LadderFLAN
76.1%
Four Letter Just for Fun Word LadderFRAN
75.8%
Four Letter Just for Fun Word LadderTRON
74.8%
Names in PhrasesGeorge
73.7%
Colors by Another DefinitionViolet
72.7%
Names in PhrasesBetsy
71.2%

You're not logged in!

Compare scores with friends on all Sporcle quizzes.
OR
Log In

You Might Also Like...

Show Comments

Extras

Top Quizzes Today


Score Distribution

Your Account Isn't Verified!

In order to create a playlist on Sporcle, you need to verify the email address you used during registration. Go to your Sporcle Settings to finish the process.

Report this User

Report this user for behavior that violates our Community Guidelines.

Details: